000 00711nam a2200253Ia 4500
003 OSt
005 20221007063223.0
006 a|||||r|||| 00| 0
007 ta
008 221006b |||||||| |||| 00| 0 eng d
020 _cRs.21/-
024 _a4,099
037 _cTextual
040 _aFLL
_cFLL
_beng
041 _2eng
_aeng
082 _aZ2VN78, M4.2
100 _aRamajois M.
_9683918
245 0 _aLegal and constitutional history of India
260 _aBombay
_bN.M.Tripathi private ltd India
_c1984
300 _axxiv723
_ccm.
650 _aLegal and constitutional history of India
_9683919
942 _hZ2VN78, M4.2
_cTEXL
_2CC
999 _c1130707
_d1130707